• 首页
  • 本馆介绍
  • 公告通知
  • 最新文献
  • 馆藏检索
  • 电子资源
  • 读者导购
  • 参考咨询
  • 我的图书馆
  • 登录
  • 详细信息显示
  • 放入我的书架
  • 预约/预借图书
  • 作者相关作品
  • 分类相关作品
  • 丛书相关作品
  • 出版社相关作品

书目信息

  • 表格格式
  • 工作单格式
  • 卡片格式
题名:
振荡
    
 
作者: ;《半导体手册》翻译组 译
分册:  
出版信息: 北京   科学出版社  1970
页数: 60页
开本: 20cm
丛书名: 《半导体手册》
单 册:
中图分类: TN75
科图分类:
主题词: 振荡技术 , 振荡器
电子资源:
ISBN:
000 00671nam0 2200241 450
001 0631741406
005 20060605085209.15
010    @dCNY0.17
100    @a20060605d1970 km y0chiy0120 ea
101 0  @achi
102    @aCN@b110000
102    @aCN@b110000
200 1  @a振荡@Azhen dang@f《半导体手册》翻译组译@F《ban dao ti shou ce》fan yi zu yi
210    @a北京@c科学出版社@d1970
215    @a60页@d20cm
225 2  @a《半导体手册》@v9
410  0 @12001 @a《半导体手册》
606 0  @a振荡技术
606 0  @a振荡器
690    @aTN75@v3
711  0 @a《半导体手册》翻译组@A《ban dao ti shou ce》fan yi zu@4译
801  0 @aCN@bPFT@c20060605
905    @a10447@dTN75@e3
    
    振荡/《半导体手册》翻译组译.-北京:科学出版社,1970
    60页;20cm.-(《半导体手册》;9)
    
    
    ISBN :CNY0.17
    
●
相关链接 在E读中查询图书 在五车中查询图书 在当当中查询图书 在豆瓣中查询图书


正题名:振荡     索取号:TN75/3         预约/预借

序号 登录号 条形码 馆藏地/架位号 状态 备注
1 0421858   204218587   密集书库/ [索取号:TN75/3] 在馆    
唐山师范学院图书馆 欢迎您!
大连网信软件有限公司© 版权所有